[Event "Balaguer op"]
[Site "?"]
[Date "2012.06.21"]
[Round "6"]
[White "Moline Escartin, X."]
[Black "Aloy Piulats, R."]
[Result "1-0"]
[WhiteElo "1877"]
[BlackElo "1805"]
[PlyCount "39"]
[EventDate "2012.??.??"]
[EventType "swiss"]
[EventRounds "9"]

1. e4 c5 2. Nf3 e6 3. d4 cxd4 4. Nxd4 a6 5. Nc3 Nc6 6. Be2 Nf6 7. Be3 Be7 8.
O-O O-O 9. f4 d6 10. Qe1 Qc7 11. Rd1 Nxd4 12. Bxd4 e5 13. fxe5 dxe5 14. Qg3 Bc5
15. Rxf6 Bxd4+ 16. Rxd4 Qe7 17. Nd5 Qc5 18. Qxe5 Be6 19. Rxe6 fxe6 20. Nf6+ 1-0

[Event "Balaguer op"]
[Site "?"]
[Date "2012.06.21"]
[Round "6"]
[White "Monell Camarasa, D."]
[Black "Fernandez Cardoso, A."]
[Result "0-1"]
[WhiteElo "2254"]
[BlackElo "2427"]
[PlyCount "72"]
[EventDate "2012.??.??"]
[EventType "swiss"]
[EventRounds "9"]

1. d4 g6 2. c4 Bg7 3. Nc3 d6 4. e4 Nd7 5. Nf3 e5 6. Be2 Ne7 7. O-O O-O 8. d5 f5
9. Ng5 Nf6 10. Bf3 c6 11. Qb3 h6 12. Ne6 Bxe6 13. dxe6 Qc7 14. Rd1 b6 15. Qa3
Rad8 16. exf5 gxf5 17. g3 Ng6 18. b4 e4 19. Be2 Rfe8 20. b5 c5 21. Bb2 Rxe6 22.
Nd5 Nxd5 23. Rxd5 Be5 24. Rad1 Qg7 25. Bxe5 Nxe5 26. Qe3 Qg5 27. Qf4 Kg7 28. h4
Qxf4 29. gxf4 Ng6 30. Rxf5 Rf6 31. Bg4 Nxf4 32. Kh2 Rdf8 33. Rg1 Kg6 34. h5+
Kf7 35. Kg3 Rxf5 36. Bxf5 Ne2+ 0-1

[Event "Balaguer op"]
[Site "?"]
[Date "2012.06.21"]
[Round "6"]
[White "Monfa Escola, R."]
[Black "Argerich Farras, J."]
[Result "1/2-1/2"]
[WhiteElo "1837"]
[BlackElo "2133"]
[PlyCount "81"]
[EventDate "2012.??.??"]
[EventType "swiss"]
[EventRounds "9"]

1. d3 d5 2. a3 Nf6 3. Nf3 c5 4. Nbd2 Nc6 5. c4 g6 6. b3 Bg7 7. Bb2 d4 8. g3 a5
9. Bg2 O-O 10. Qc2 e5 11. O-O Bd7 12. Rfe1 Qc7 13. e3 Rfe8 14. exd4 exd4 15.
Rad1 h6 16. Qb1 Bg4 17. Rxe8+ Rxe8 18. Re1 Qd7 19. Rxe8+ Qxe8 20. Qe1 Kf8 21.
h3 Bd7 22. Bc1 Qe6 23. Kf1 Ke7 24. Qxe6+ Bxe6 25. Ne1 Kd7 26. f4 b6 27. g4 h5
28. g5 Ne8 29. Ndf3 Nd6 30. Nh4 Ne7 31. Kf2 Nef5 32. Nxf5 Bxf5 33. Ke2 Kc7 34.
Nf3 Bd7 35. a4 Bc6 36. Nh4 Bxg2 37. Nxg2 Nf5 38. Kf3 Kd6 39. Bd2 Ke6 40. Be1
Bf8 41. Bf2 1/2-1/2

[Event "Balaguer op"]
[Site "?"]
[Date "2012.06.21"]
[Round "6"]
[White "Montoliu Daroca, I."]
[Black "Aranzana Areste, A."]
[Result "0-1"]
[WhiteElo "1803"]
[BlackElo "2023"]
[PlyCount "84"]
[EventDate "2012.??.??"]
[EventType "swiss"]
[EventRounds "9"]

1. d4 d5 2. Bg5 c6 3. e3 h6 4. Bh4 Qb6 5. b3 e5 6. a3 e4 7. c4 Be7 8. Bg3 Nf6
9. f3 O-O 10. Nc3 Bf5 11. fxe4 Bxe4 12. c5 Qd8 13. Nf3 Re8 14. Bd3 Bf8 15. O-O
Nbd7 16. h3 Bxd3 17. Qxd3 Ne4 18. Bh2 Qe7 19. Rae1 g6 20. b4 Bg7 21. b5 Ndxc5
22. Qc2 Nxc3 23. Qxc3 Ne4 24. Qd3 Rac8 25. a4 c5 26. Ne5 c4 27. Qc2 Rf8 28. Rf3
c3 29. Nd3 Rc4 30. Re2 Nd2 31. Rff2 Qa3 32. Be5 Qxa4 33. Qxa4 Rxa4 34. Re1 Rc8
35. Rc1 Ne4 36. Rfc2 Bxe5 37. Nxe5 Rb4 38. Ra1 Rb2 39. Rcc1 c2 40. Kh2 Nd2 41.
Rxa7 Rb1 42. Nd3 Nb3 0-1

[Event "Balaguer op"]
[Site "?"]
[Date "2012.06.21"]
[Round "6"]
[White "Obregon Rivero, JC."]
[Black "Boyard, M."]
[Result "1-0"]
[WhiteElo "2485"]
[BlackElo "2008"]
[PlyCount "61"]
[EventDate "2012.??.??"]
[EventType "swiss"]
[EventRounds "9"]

1. Nf3 Nf6 2. g3 d5 3. Bg2 e6 4. c4 Be7 5. O-O O-O 6. b3 c6 7. d4 Nbd7 8. Bb2
b6 9. Qc2 Bb7 10. Nc3 Rc8 11. e4 c5 12. e5 Ne8 13. cxd5 exd5 14. Qe2 Nc7 15.
Rfd1 Re8 16. dxc5 bxc5 17. Ne1 Nb6 18. Nd3 Qd7 19. Nf4 Ba6 20. Qh5 d4 21. Ne4
Nbd5 22. Nxd5 Nxd5 23. Rac1 g6 24. Qf3 Bb7 25. h4 Qe6 26. Re1 Rc7 27. Kh2 Qf5
28. Qxf5 gxf5 29. Nd6 Bxd6 30. exd6 Rxe1 31. dxc7 1-0

[Event "Balaguer op"]
[Site "?"]
[Date "2012.06.21"]
[Round "6"]
[White "Oms Pallisse, J."]
[Black "Guerra Mendez, JA."]
[Result "0-1"]
[WhiteElo "2461"]
[BlackElo "2428"]
[PlyCount "132"]
[EventDate "2012.??.??"]
[EventType "swiss"]
[EventRounds "9"]

1. Nf3 Nf6 2. c4 b6 3. g3 Bb7 4. Bg2 e6 5. O-O Be7 6. d4 O-O 7. Re1 Qc8 8. Bg5
h6 9. Bxf6 Bxf6 10. e4 d6 11. Nc3 Nd7 12. e5 dxe5 13. dxe5 Be7 14. Qc2 Rd8 15.
Rad1 a6 16. a3 Ra7 17. Rd3 c5 18. Qe2 Bc6 19. Red1 b5 20. Ne1 bxc4 21. R3d2 Ra8
22. f4 Qc7 23. Qxc4 Bxg2 24. Kxg2 Nb6 25. Rxd8+ Bxd8 26. Qe4 Be7 27. Nf3 Rb8
28. Nd2 Rd8 29. Nf3 Rxd1 30. Nxd1 c4 31. Nc3 Bc5 32. Kf1 Qd7 33. Ke2 Kf8 34. g4
g6 35. h4 Kg7 36. h5 gxh5 37. gxh5 a5 38. Ke1 Qd3 39. Qxd3 cxd3 40. Kd2 Nc4+
41. Kxd3 Nxb2+ 42. Kc2 Nc4 43. a4 Nb6 44. f5 Bb4 45. Nd4 Bxc3 46. Kxc3 Nxa4+
47. Kb3 Nc5+ 48. Kc4 Nd7 49. fxe6 fxe6 50. Nxe6+ Kf7 51. Kd5 Nb6+ 52. Kd6 Nc4+
53. Kd5 Nb6+ 54. Kd6 Nc4+ 55. Kd5 Ne3+ 56. Kd6 a4 57. Nd4 a3 58. Kd7 a2 59. e6+
Kf6 60. Nb3 Nf5 61. Na1 Kg5 62. Nc2 Kxh5 63. Nd4 Ng7 64. Nc2 Kg5 65. Ke7 h5 66.
Kf7 Nxe6 0-1

[Event "Balaguer op"]
[Site "?"]
[Date "2012.06.21"]
[Round "6"]
[White "Paul Cava, J."]
[Black "Turuguet Lopez, JL."]
[Result "0-1"]
[WhiteElo "1722"]
[BlackElo "1932"]
[PlyCount "56"]
[EventDate "2012.??.??"]
[EventType "swiss"]
[EventRounds "9"]

1. d4 Nf6 2. c4 g6 3. Nc3 d5 4. e3 Bg7 5. Nf3 O-O 6. a3 Bg4 7. h3 Bxf3 8. Qxf3
c6 9. cxd5 cxd5 10. Bd3 Nc6 11. b4 e5 12. dxe5 Nxe5 13. Qe2 d4 14. Nd1 dxe3 15.
Bb5 exf2+ 16. Nxf2 a6 17. Ba4 b5 18. Bb3 Re8 19. O-O Nc4 20. Qf3 Ne4 21. Nxe4
Qd4+ 22. Be3 Nxe3 23. Qxf7+ Kh8 24. Ng5 Nxf1+ 25. Kh1 Ng3+ 26. Kh2 h6 27. Rd1
Qf6 28. Rd7 hxg5 0-1

[Event "Balaguer op"]
[Site "?"]
[Date "2012.06.21"]
[Round "6"]
[White "Purgimon Diaz, J."]
[Black "Ramiro Ovejero, JL."]
[Result "1-0"]
[WhiteElo "1982"]
[BlackElo "2349"]
[PlyCount "87"]
[EventDate "2012.??.??"]
[EventType "swiss"]
[EventRounds "9"]

1. d4 Nf6 2. c4 e5 3. e3 exd4 4. exd4 d5 5. c5 b6 6. cxb6 axb6 7. Nf3 Be7 8.
Be2 O-O 9. O-O Bf5 10. h3 Bxb1 11. Rxb1 Rxa2 12. Qb3 Ra8 13. Bf4 Bd6 14. Bg5 h6
15. Bxf6 Qxf6 16. Qxd5 Ra5 17. Qe4 Nc6 18. Bd3 g6 19. Bc4 Ne7 20. Rfe1 Rf5 21.
Ne5 Qg5 22. Rbd1 Rf4 23. Qe2 Kg7 24. Kh1 Bxe5 25. dxe5 Qh4 26. g3 Qxh3+ 27. Kg1
Rf5 28. Qe3 Rh5 29. Qf3 Nf5 30. Qg2 Qxg2+ 31. Kxg2 Re8 32. Rd7 Re7 33. Rxe7
Nxe7 34. f4 Rf5 35. Bd3 Kf8 36. Bxf5 Nxf5 37. Kf3 h5 38. Rc1 c5 39. Ra1 Ke7 40.
Ra7+ Ke6 41. Ra6 Kd5 42. Rxb6 g5 43. Rf6 g4+ 44. Kf2 1-0

[Event "Balaguer op"]
[Site "?"]
[Date "2012.06.21"]
[Round "6"]
[White "Quintas Galeano, L."]
[Black "Fortuny Profitos, J."]
[Result "1-0"]
[WhiteElo "2148"]
[BlackElo "1769"]
[PlyCount "49"]
[EventDate "2012.??.??"]
[EventType "swiss"]
[EventRounds "9"]

1. e4 e5 2. Nf3 Nf6 3. Nxe5 d6 4. Nf3 Nxe4 5. Nc3 Nxc3 6. dxc3 Nc6 7. Bf4 Bg4
8. h3 Bh5 9. Qd5 Bxf3 10. Qxf3 a6 11. Bc4 Qd7 12. O-O Be7 13. Rfe1 O-O 14. Re3
Bf6 15. Bd5 Rfe8 16. Be4 Ne5 17. Bxe5 Rxe5 18. Bxb7 Rxe3 19. Qxe3 Re8 20. Qf3
Qb5 21. Rb1 Re2 22. Be4 Rd2 23. Bd3 Qb8 24. Qe3 Bxc3 25. Re1 1-0

[Event "Balaguer op"]
[Site "?"]
[Date "2012.06.21"]
[Round "6"]
[White "Ramon Perez, JL."]
[Black "Ferrer Font, J."]
[Result "1-0"]
[WhiteElo "2249"]
[BlackElo "1804"]
[PlyCount "61"]
[EventDate "2012.??.??"]
[EventType "swiss"]
[EventRounds "9"]

1. e4 e5 2. d4 exd4 3. Qxd4 Nc6 4. Qe3 Bb4+ 5. Nc3 d6 6. Bd2 Qf6 7. f4 Bd7 8.
O-O-O Bc5 9. Qe1 O-O-O 10. Nf3 Qe7 11. Nd5 Qe8 12. Bc3 f6 13. b4 Bb6 14. a4 a6
15. Nxb6+ cxb6 16. Rxd6 Be6 17. Qd2 Rxd6 18. Qxd6 Qd7 19. Qf8+ Kc7 20. b5 axb5
21. axb5 Qe7 22. Qxe7+ Ncxe7 23. Nd4 Bd7 24. Bb4 Ng6 25. f5 N6e7 26. Bc4 g6 27.
Ne6+ Kc8 28. Kb2 gxf5 29. Ra1 Bxe6 30. Bxe6+ Kc7 31. Ra8 1-0

[Event "Balaguer op"]
[Site "?"]
[Date "2012.06.21"]
[Round "6"]
[White "Ramon Solans, A."]
[Black "Rodon Balcells, J."]
[Result "1-0"]
[WhiteElo "2281"]
[BlackElo "1864"]
[PlyCount "52"]
[EventDate "2012.??.??"]
[EventType "swiss"]
[EventRounds "9"]

1. d4 Nf6 2. c4 e6 3. Nc3 Bb4 4. Qc2 d5 5. Nf3 O-O 6. Bg5 h6 7. Bh4 Be7 8. e3
Nbd7 9. Bd3 c5 10. cxd5 Nxd5 11. Bxe7 Nxe7 12. O-O a6 13. Rfd1 Qc7 14. dxc5
Qxc5 15. Rac1 b5 16. Qe2 Qb6 17. Bb1 Nf6 18. Qc2 Ng6 19. Qb3 Ne7 20. Na4 Qa7
21. Nc5 Bb7 22. Nd7 Bd5 23. Nxf6+ gxf6 24. Qc3 Kg7 25. e4 Rac8 26. Qa3 Bc4 1-0

[Event "Balaguer op"]
[Site "?"]
[Date "2012.06.21"]
[Round "6"]
[White "Sanikidze, T."]
[Black "Cori Tello, J."]
[Result "1/2-1/2"]
[WhiteElo "2596"]
[BlackElo "2479"]
[PlyCount "47"]
[EventDate "2012.??.??"]
[EventType "swiss"]
[EventRounds "9"]

1. d4 d5 2. Nf3 Nf6 3. c4 c6 4. e3 Bf5 5. Nc3 e6 6. Nh4 Bg6 7. Nxg6 hxg6 8. a3
Nbd7 9. g3 Be7 10. b3 e5 11. Bg2 exd4 12. exd4 Nf8 13. cxd5 cxd5 14. Qe2 Qd7
15. Bg5 Ne6 16. Bxf6 Bxf6 17. Nxd5 O-O 18. O-O Nxd4 19. Qe4 Rfe8 20. Nxf6+ gxf6
21. Qxb7 Qxb7 22. Bxb7 Rab8 23. Bd5 Red8 24. Bc4 1/2-1/2

[Event "Balaguer op"]
[Site "?"]
[Date "2012.06.21"]
[Round "6"]
[White "Solani Nuñez, J."]
[Black "Barbosa Martinez, M."]
[Result "1-0"]
[WhiteElo "1626"]
[BlackElo "1724"]
[PlyCount "145"]
[EventDate "2012.??.??"]
[EventType "swiss"]
[EventRounds "9"]

1. e4 c6 2. d4 d5 3. exd5 cxd5 4. Nc3 Bf5 5. Nf3 e6 6. Bd3 Bxd3 7. Qxd3 Nc6 8.
Bf4 Bd6 9. Bg3 Nf6 10. O-O Bxg3 11. fxg3 O-O 12. Ng5 g6 13. Ne2 Nh5 14. Nf3 f5
15. Qe3 Ng7 16. Nf4 Qf6 17. Rfe1 Rfe8 18. Nd3 b6 19. Re2 Re7 20. Rc1 Rc8 21. c4
dxc4 22. Rxc4 Rec7 23. Rec2 Ne8 24. b3 Nd6 25. R4c3 Ne4 26. Rc4 b5 27. Rc5 Nxc5
28. Nxc5 Nd8 29. Re2 Re7 30. d5 e5 31. Nxe5 Nf7 32. Ne6 Nxe5 33. Qxe5 Qxe5 34.
Rxe5 Rc1+ 35. Kf2 Rd7 36. Ke3 Re1+ 37. Kd4 Rxe5 38. Kxe5 Kf7 39. Ng5+ Ke8 40.
d6 a5 41. Ne6 Ra7 42. Nc7+ Kd7 43. Nxb5 Ra6 44. Kf6 a4 45. Kg7 axb3 46. axb3
Rb6 47. Nd4 Rxd6 48. Nf3 Rb6 49. Kxh7 Ke7 50. Ne5 Rxb3 51. Kxg6 Ke6 52. Nf3 Rb2
53. Nd4+ Ke5 54. Nxf5 Rb6+ 55. Kg5 Rb8 56. g4 Rh8 57. h3 Rg8+ 58. Kh5 Kf6 59.
h4 Rh8+ 60. Nh6 Rh7 61. g5+ Kg7 62. Kg4 Kg6 63. h5+ Kg7 64. Nf5+ Kh8 65. g6 Rc7
66. Kg5 Rc2 67. g4 Rc4 68. h6 Rc5 69. h7 Rc4 70. Nh6 Rc5+ 71. Kh4 Kg7 72. Nf7
Rc8 73. h8=Q+ 1-0

[Event "Balaguer op"]
[Site "?"]
[Date "2012.06.21"]
[Round "6"]
[White "Sole Castañe, J."]
[Black "Bonet Verdu, M."]
[Result "1-0"]
[WhiteElo "1656"]
[BlackElo "1811"]
[PlyCount "28"]
[EventDate "2012.??.??"]
[EventType "swiss"]
[EventRounds "9"]

1. d4 d5 2. c4 c6 3. Nc3 f5 4. e3 Nf6 5. Nf3 e6 6. Qc2 Be7 7. Be2 O-O 8. b3 Ne4
9. Bb2 Nd7 10. Nd2 b6 11. f3 Bh4+ 12. g3 Nxg3 13. hxg3 Bxg3+ 14. Kd1 Ba6 1-0

[Event "Balaguer op"]
[Site "?"]
[Date "2012.06.21"]
[Round "6"]
[White "Sole Gonzalez, E."]
[Black "Amigo Cervello, J."]
[Result "0-1"]
[WhiteElo "1539"]
[BlackElo "1893"]
[PlyCount "86"]
[EventDate "2012.??.??"]
[EventType "swiss"]
[EventRounds "9"]

1. d4 Nf6 2. c4 g6 3. Nc3 d5 4. Bg5 c6 5. e3 Bg7 6. Bd3 O-O 7. Nf3 Bg4 8. h3
Bxf3 9. Qxf3 e6 10. O-O Nbd7 11. Qf4 Qb6 12. Rab1 Rfe8 13. Bh6 Bh8 14. Rfd1 e5
15. dxe5 Rxe5 16. cxd5 cxd5 17. Qa4 Nc5 18. Qd4 Rh5 19. Bf4 Nfe4 20. Nxd5 Qd8
21. Bc7 Qg5 22. Bf4 Qxd5 23. Bxe4 Qxd4 24. Rxd4 Bxd4 25. Bxb7 Nxb7 26. exd4 f6
27. Be3 Rc8 28. a3 Rd5 29. Kf1 Na5 30. Ke2 Nb3 31. Rd1 Kf7 32. Kd3 Ke6 33. Ke4
a5 34. Kd3 a4 35. Ke4 f5+ 36. Kd3 Rc6 37. g3 Kf6 38. h4 Ke6 39. Re1 Kd7 40. Rd1
Kc7 41. Bf4+ Kb6 42. Be3 Kb5 43. f3 Rc4 0-1

[Event "Balaguer op"]
[Site "?"]
[Date "2012.06.21"]
[Round "6"]
[White "Sole Pijuan, F."]
[Black "Ayza Casamitjana, A."]
[Result "0-1"]
[WhiteElo "1539"]
[BlackElo "1868"]
[PlyCount "53"]
[EventDate "2012.??.??"]
[EventType "swiss"]
[EventRounds "9"]

1. d4 Nf6 2. c4 c5 3. d5 b5 4. cxb5 a6 5. e3 g6 6. b3 axb5 7. Bb2 Ba6 8. Nf3
Bg7 9. Be2 O-O 10. O-O d6 11. a3 Nbd7 12. Nc3 Qb6 13. Re1 Rfe8 14. Bf1 Ng4 15.
h3 Nge5 16. e4 c4 17. Rb1 Qa7 18. Na2 cxb3 19. Qxb3 Nxf3+ 20. Qxf3 Ne5 21. Bxe5
Bxe5 22. Nc3 Qc5 23. Rec1 Qxa3 24. Nxb5 Qxf3 25. gxf3 Bxb5 26. Rxb5 Kg7 27. Kg2
0-1

[Event "Balaguer op"]
[Site "?"]
[Date "2012.06.21"]
[Round "6"]
[White "Vidal Rosell, J."]
[Black "Trepat Herranz, J."]
[Result "0-1"]
[WhiteElo "1872"]
[BlackElo "2299"]
[PlyCount "40"]
[EventDate "2012.??.??"]
[EventType "swiss"]
[EventRounds "9"]

1. e4 c5 2. f4 g6 3. Nf3 Bg7 4. Nc3 Nc6 5. Bc4 e6 6. a3 Nge7 7. O-O d5 8. Ba2
dxe4 9. Nxe4 O-O 10. c3 b6 11. Qe2 Bb7 12. Nfg5 Nd5 13. Re1 Nxf4 14. Qg4 Nd3
15. Rf1 Nce5 16. Qh3 h6 17. Nxf7 Nxf7 18. Qxe6 Kh7 19. Rxf7 Rxf7 20. Nd6 Re7
0-1

[Event "Balaguer op"]
[Site "?"]
[Date "2012.06.21"]
[Round "6"]
[White "Vladimirov Savov, T."]
[Black "Segues Pons, M."]
[Result "1-0"]
[WhiteElo "1737"]
[BlackElo "1778"]
[PlyCount "35"]
[EventDate "2012.??.??"]
[EventType "swiss"]
[EventRounds "9"]

1. d4 d5 2. c4 Nf6 3. Bf4 c6 4. e3 Bf5 5. Bd3 Bxd3 6. Qxd3 e6 7. h3 Qa5+ 8. Nc3
Bb4 9. Nge2 Nbd7 10. a3 Be7 11. b4 Bxb4 12. O-O Be7 13. Rab1 dxc4 14. Qxc4 Nb6
15. Qb3 O-O 16. e4 Nh5 17. Be3 Rfd8 18. Bd2 1-0

[Event "Balaguer op"]
[Site "?"]
[Date "2012.06.21"]
[Round "6"]
[White "Westerinen, H."]
[Black "Mellado Triviño, J."]
[Result "1/2-1/2"]
[WhiteElo "2345"]
[BlackElo "2444"]
[PlyCount "35"]
[EventDate "2012.??.??"]
[EventType "swiss"]
[EventRounds "9"]

1. e4 c5 2. Nf3 Nf6 3. e5 Nd5 4. Nc3 e6 5. Nxd5 exd5 6. d4 Nc6 7. dxc5 Bxc5 8.
Bd3 d6 9. exd6 Qxd6 10. O-O O-O 11. c3 h6 12. Qa4 d4 13. Nxd4 Nxd4 14. cxd4
Bxd4 15. Rd1 Bd7 16. Qxd4 Qxd4 17. Bh7+ Kxh7 18. Rxd4 1/2-1/2

[Event "Balaguer op"]
[Site "?"]
[Date "2012.06.22"]
[Round "7"]
[White "Aloma Vidal, R."]
[Black "Gomez Ledo, RC."]
[Result "1/2-1/2"]
[WhiteElo "2400"]
[BlackElo "2428"]
[PlyCount "113"]
[EventDate "2012.??.??"]
[EventType "swiss"]
[EventRounds "9"]

1. d4 d6 2. Nf3 Nf6 3. c4 Nbd7 4. Nc3 e5 5. e4 Be7 6. Be2 O-O 7. O-O c6 8. Be3
Re8 9. d5 c5 10. Ne1 Nf8 11. a3 Ng6 12. b4 b6 13. Nd3 Rf8 14. Rb1 h6 15. g3 Qd7
16. bxc5 bxc5 17. f3 Ba6 18. Nb5 Rab8 19. a4 h5 20. h4 Kh8 21. Rf2 Rg8 22. Bf1
Nf8 23. Rh2 Bd8 24. Nf2 Ba5 25. Nh3 g6 26. Qc1 N8h7 27. Bd3 Rge8 28. Ng5 Kg7
29. Bf1 Bc8 30. Rhb2 Ra8 31. Bd2 Bd8 32. Bh3 Qe7 33. Bxc8 Rxc8 34. Nxa7 Qxa7
35. Rb7 Qa6 36. Rxf7+ Kg8 37. Rbb7 Bc7 38. Rfxc7 Rxc7 39. Rxc7 Qb6 40. Rc6 Qb8
41. Ba5 Qb3 42. Rxd6 Rf8 43. Nxh7 Kxh7 44. Bc3 Qxc4 45. Rb6 Qe2 46. Rb7+ Kg8
47. Bxe5 Qxf3 48. Qe1 Re8 49. Rb8 Rxb8 50. Bxb8 Nxe4 51. Bf4 Qd3 52. d6 Nxd6
53. Qe6+ Nf7 54. Qc8+ Kg7 55. Qxc5 Qd1+ 56. Kf2 Qxa4 57. Be3 1/2-1/2

[Event "Balaguer op"]
[Site "?"]
[Date "2012.06.22"]
[Round "7"]
[White "Aloy Piulats, R."]
[Black "Solani Nuñez, J."]
[Result "0-1"]
[WhiteElo "1805"]
[BlackElo "1626"]
[PlyCount "82"]
[EventDate "2012.??.??"]
[EventType "swiss"]
[EventRounds "9"]

1. e4 e5 2. Nf3 Nc6 3. Nc3 Nf6 4. d3 h6 5. a3 Bc5 6. Be3 Bb6 7. Be2 O-O 8. h3
d5 9. Bxb6 axb6 10. exd5 Nxd5 11. Nxd5 Qxd5 12. c3 Bf5 13. O-O Rad8 14. Ne1 Rd6
15. Bf3 Qb5 16. Rb1 Bxd3 17. Nxd3 Qxd3 18. Qe1 Qf5 19. Be4 Qe6 20. Qe3 f5 21.
Bc2 e4 22. b4 Kh7 23. f4 Ne7 24. Qe2 Rfd8 25. Rfd1 Nd5 26. Rxd5 Qxd5 27. Rd1
Qc6 28. c4 Rxd1+ 29. Bxd1 Qd6 30. Bc2 Qxf4 31. Qe1 Qd2 32. Qb1 Qe3+ 33. Kh1 Rd2
34. Qf1 Qf2 35. Qxf2 Rxf2 36. Ba4 Ra2 37. Bd7 Kg6 38. Kg1 Rxa3 39. g4 fxg4 40.
hxg4 Kg5 41. Kf2 Kf4 0-1

[Event "Balaguer op"]
[Site "?"]
[Date "2012.06.22"]
[Round "7"]
[White "Amigo Cervello, J."]
[Black "Fortuny Profitos, J."]
[Result "1-0"]
[WhiteElo "1893"]
[BlackElo "1769"]
[PlyCount "43"]
[EventDate "2012.??.??"]
[EventType "swiss"]
[EventRounds "9"]

1. d4 Nf6 2. c4 g6 3. Nc3 Bg7 4. e4 d6 5. Bd3 O-O 6. Nge2 c5 7. d5 e6 8. O-O
exd5 9. Nxd5 Nxd5 10. exd5 Na6 11. a3 Nc7 12. Rb1 b5 13. b3 Bd7 14. Bb2 Rb8 15.
Bxg7 Kxg7 16. Qd2 Na8 17. f4 Qc7 18. f5 h6 19. Qc3+ Kh7 20. Qf6 Be8 21. fxg6+
Kg8 22. g7 1-0

[Event "Balaguer op"]
[Site "?"]
[Date "2012.06.22"]
[Round "7"]
[White "Aranzana Areste, A."]
[Black "Farre Selma, D."]
[Result "1/2-1/2"]
[WhiteElo "2023"]
[BlackElo "1868"]
[PlyCount "117"]
[EventDate "2012.??.??"]
[EventType "swiss"]
[EventRounds "9"]

1. e4 d5 2. e5 c5 3. c3 Nc6 4. Bb5 Bf5 5. d4 cxd4 6. cxd4 Bxb1 7. Bxc6+ bxc6 8.
Rxb1 Qa5+ 9. Bd2 Qxa2 10. e6 fxe6 11. Ne2 Nf6 12. O-O g6 13. Nf4 Ne4 14. Nxe6
Kd7 15. Ng5 Nxd2 16. Qxd2 Bh6 17. Rfe1 Rhe8 18. Qe3 Bxg5 19. Qxg5 Rab8 20. Ra1
Qxb2 21. Rxa7+ Rb7 22. Rxb7+ Qxb7 23. Qe5 e6 24. Qg7+ Re7 25. Qe5 Qb2 26. Qe3
Re8 27. g3 Re7 28. f4 Re8 29. Qd3 Rc8 30. Qe3 Re8 31. h4 Qc2 32. Ra1 Rb8 33.
Ra7+ Kd8 34. Qf2 Qc1+ 35. Qf1 Qe3+ 36. Kh2 Rb2+ 37. Kh3 Rb3 38. Qg2 h5 39. Qh2
Rd3 40. Ra2 Rxd4 41. Qb2 Ke7 42. Ra7+ Kf6 43. Kg2 Qe4+ 44. Kh2 Qd3 45. Ra2 c5
46. Qb8 Kf5 47. Qe5+ Kg4 48. Qxe6+ Kf3 49. Qe1 Re4 50. Qf2+ Kg4 51. Rd2 Qc4 52.
Qg2 Kf5 53. Ra2 d4 54. Ra8 d3 55. Rf8+ Ke6 56. Re8+ Kf5 57. Rf8+ Ke6 58. Re8+
Kf5 59. Rf8+ 1/2-1/2

[Event "Balaguer op"]
[Site "?"]
[Date "2012.06.22"]
[Round "7"]
[White "Argerich Farras, J."]
[Black "Monell Camarasa, D."]
[Result "0-1"]
[WhiteElo "2133"]
[BlackElo "2254"]
[PlyCount "48"]
[EventDate "2012.??.??"]
[EventType "swiss"]
[EventRounds "9"]

1. Nf3 Nf6 2. d4 d5 3. Bf4 Bf5 4. Nbd2 e6 5. c3 c5 6. e3 Qb6 7. Bxb8 Rxb8 8.
Qa4+ Kd8 9. b3 Bd6 10. Nh4 Bg6 11. Nxg6 hxg6 12. h3 Ke7 13. Qb5 Qxb5 14. Bxb5
cxd4 15. cxd4 Bb4 16. O-O-O Rhc8+ 17. Kb2 Bc3+ 18. Ka3 a6 19. Bd3 b5 20. Nb1
b4+ 21. Ka4 e5 22. Nxc3 Rxc3 23. Rd2 Nd7 24. Rb1 Rxd3 0-1

[Event "Balaguer op"]
[Site "?"]
[Date "2012.06.22"]
[Round "7"]
[White "Aryan, Ch"]
[Black "Amigo Vilalta, J."]
[Result "1/2-1/2"]
[WhiteElo "1985"]
[BlackElo "2242"]
[PlyCount "103"]
[EventDate "2012.??.??"]
[EventType "swiss"]
[EventRounds "9"]

1. e4 c6 2. d4 d5 3. exd5 cxd5 4. c4 Nc6 5. Nf3 Nf6 6. Nc3 e6 7. Bg5 Bb4 8. a3
Bxc3+ 9. bxc3 h6 10. Bf4 O-O 11. Bd3 Qa5 12. Qc2 dxc4 13. Bxc4 b6 14. O-O Ba6
15. Bxa6 Qxa6 16. Be5 Nd7 17. Bd6 Rfd8 18. c4 Rac8 19. Rad1 Na5 20. c5 bxc5 21.
dxc5 Nxc5 22. Bxc5 Rxd1 23. Rxd1 Nb7 24. Rd3 Rxc5 25. Rd8+ Nxd8 26. Qxc5 Qb6
27. Qc2 Nc6 28. h3 Nd4 29. Nxd4 Qxd4 30. Qc8+ Kh7 31. Qa6 Qa1+ 32. Kh2 Qe5+ 33.
g3 Qd4 34. Kg2 e5 35. Qc8 Qe4+ 36. Kg1 f5 37. Qe6 a5 38. a4 Qb1+ 39. Kh2 Qc2
40. Kg2 Qe4+ 41. Kg1 f4 42. gxf4 Qb1+ 43. Kh2 exf4 44. Qe5 Qb4 45. Qf5+ Kg8 46.
Qb5 Qd4 47. Kg2 Qe4+ 48. Kh2 Kh7 49. Qxa5 f3 50. Kg3 g5 51. Qa7+ Kg6 52. Qe3
1/2-1/2

[Event "Balaguer op"]
[Site "?"]
[Date "2012.06.22"]
[Round "7"]
[White "Ayza Casamitjana, A."]
[Black "Vera Balague, G."]
[Result "1-0"]
[WhiteElo "1868"]
[BlackElo "2031"]
[PlyCount "94"]
[EventDate "2012.??.??"]
[EventType "swiss"]
[EventRounds "9"]

1. e4 Nf6 2. Nc3 d5 3. exd5 Nxd5 4. Bc4 c6 5. d4 Bf5 6. Nge2 e6 7. O-O Bd6 8.
Ng3 Bg6 9. Nce4 Bxe4 10. Nxe4 Bxh2+ 11. Kxh2 Qh4+ 12. Kg1 Qxe4 13. Re1 Qf5 14.
Re5 Qf6 15. Bg5 Qg6 16. Bd3 f5 17. Bxf5 Qxg5 18. Bxe6 Qh6 19. Bxd5+ Kd8 20. Bf3
Nd7 21. Re3 Kc7 22. Qd3 Rad8 23. Qc3 Nb6 24. Rae1 Qf6 25. Re5 Kb8 26. b3 g5 27.
Qe3 h6 28. c4 Rhf8 29. Bg4 Qf4 30. Re4 Qc7 31. a4 Nc8 32. Bxc8 Kxc8 33. d5 cxd5
34. cxd5 Kb8 35. Rc1 Qd6 36. Re5 g4 37. Rd1 Rf6 38. Re8 Rf8 39. Re6 Qf4 40.
Qxf4+ Rxf4 41. Rxh6 Rdf8 42. Rd2 R4f5 43. d6 Kc8 44. Rg6 Rf4 45. Rg7 Kd8 46.
Rxb7 g3 47. Rb8+ Kd7 1-0

[Event "Balaguer op"]
[Site "?"]
[Date "2012.06.22"]
[Round "7"]
[White "Barbero Sendic, A."]
[Black "Oms Pallisse, J."]
[Result "1-0"]
[WhiteElo "2370"]
[BlackElo "2461"]
[PlyCount "81"]
[EventDate "2012.??.??"]
[EventType "swiss"]
[EventRounds "9"]

1. e4 c5 2. Nf3 Nc6 3. Nc3 e5 4. Bc4 d6 5. d3 h6 6. h3 Nf6 7. Be3 Be7 8. a3 a6
9. O-O O-O 10. Nd2 b5 11. Ba2 Be6 12. Nd5 Bxd5 13. exd5 Na5 14. f4 Nb7 15. c3
exf4 16. Bxf4 Nd7 17. Qh5 b4 18. Nc4 bxc3 19. bxc3 Na5 20. Ne3 Bg5 21. Nf5 Ne5
22. Bxe5 dxe5 23. d6 c4 24. Qg4 g6 25. h4 Bd2 26. Rad1 h5 27. Ne7+ Kh8 28. Qe4
Qb6+ 29. Kh1 Qe3 30. Qxe3 Bxe3 31. dxc4 Bc5 32. Rd5 Nb7 33. Rb1 Rab8 34. Nc6
Rbc8 35. Rxb7 Rxc6 36. d7 Be7 37. Rxe5 Re6 38. Rxe6 fxe6 39. g3 Rf2 40. Bb3 Rd2
41. c5 1-0

[Event "Balaguer op"]
[Site "?"]
[Date "2012.06.22"]
[Round "7"]
[White "Bonet Verdu, M."]
[Black "Paul Cava, J."]
[Result "1/2-1/2"]
[WhiteElo "1811"]
[BlackElo "1722"]
[PlyCount "22"]
[EventDate "2012.??.??"]
[EventType "swiss"]
[EventRounds "9"]

1. e4 e5 2. Nf3 Nc6 3. Nc3 d6 4. d3 Nf6 5. Be2 Be7 6. h3 O-O 7. O-O Be6 8. Be3
Nd7 9. a3 a6 10. b4 b5 11. Qd2 Nf6 1/2-1/2

[Event "Balaguer op"]
[Site "?"]
[Date "2012.06.22"]
[Round "7"]
[White "Boyard, M."]
[Black "Sole Castañe, J."]
[Result "1-0"]
[WhiteElo "2008"]
[BlackElo "1656"]
[PlyCount "47"]
[EventDate "2012.??.??"]
[EventType "swiss"]
[EventRounds "9"]

1. e4 c6 2. d4 d5 3. Nd2 dxe4 4. Nxe4 Bf5 5. Ng3 Bg6 6. f4 h6 7. Nf3 Nd7 8. f5
Bh7 9. Bc4 Ngf6 10. c3 b5 11. Bb3 Qc7 12. Qe2 Bg8 13. a4 Qb7 14. axb5 cxb5 15.
O-O Nd5 16. Ne4 O-O-O 17. c4 N5f6 18. Nxf6 Nxf6 19. cxb5 Nd5 20. Bxd5 Rxd5 21.
Qc4+ Kd8 22. Rxa7 Qxa7 23. Qxd5+ Kc8 24. Bf4 1-0